000 00556 a2200169 4500
999 _c4815
_d4815
010 _aENG-86568
020 _a0670999253
_c695.00
035 _aEN-70101
037 _bDBAD / PUB
082 _a954.083
100 _aDalrymple, William
245 _aThe last Mughal :
_bthe fall of a dynasty, Delhi, 1857 /
_cby William Dalrymple
260 _aNew Delhi
_bPenguin Books India
_c2006
270 _a11, Community Centre, Panchsheel Park
_bNew Delhi
_e110 017
300 _axxvii, 579p
_bill.
_c24 cm (Hb)
942 _adpl
_cEN
_2ddc
_h954.083
_mDAL